Parliamentary law / (Record no. 4997)

MARC details
000 -LEADER
fixed length control field 00659nam a22002535a 4500
001 - CONTROL NUMBER
control field 17325486
003 - CONTROL NUMBER IDENTIFIER
control field GBCCL
005 - DATE AND TIME OF LATEST TRANSACTION
control field 20241126110531.0
008 - FIXED-LENGTH DATA ELEMENTS--GENERAL INFORMATION
fixed length control field 120531s2012 flu 000 0 eng
010 ## -
-- 2012940970
020 ## - INTERNATIONAL STANDARD BOOK NUMBER
International Standard Book Number 9781604493016 (alk. paper)
040 ## - CATALOGING SOURCE
Original cataloging agency DLC
Transcribing agency DLC
042 ## -
-- pcc
082 ## - DEWEY DECIMAL CLASSIFICATION NUMBER
Classification number 328.1
Item number KER
100 1# - MAIN ENTRY--PERSONAL NAME
Personal name Kerfoot, F. H.
9 (RLIN) 9019
245 10 - TITLE STATEMENT
Title Parliamentary law /
Statement of responsibility, etc. F.H. Kerfoot, L.B., LL.D.
250 ## - EDITION STATEMENT
Edition statement 2012 ed.
260 ## - PUBLICATION, DISTRIBUTION, ETC.
Place of publication, distribution, etc. Holmes Beach, FL :
Name of publisher, distributor, etc. Gaunt, Inc.,
Date of publication, distribution, etc. 2012.
263 ## - PROJECTED PUBLICATION DATE
Projected publication date 1210
300 ## - PHYSICAL DESCRIPTION
Extent p. cm.
906 ## - LOCAL DATA ELEMENT F, LDF (RLIN)
a 0
b ibc
c orignew
d 2
e epcn
f 20
g y-gencatlg
942 ## - ADDED ENTRY ELEMENTS (KOHA)
Source of classification or shelving scheme Dewey Decimal Classification
Koha item type Books
Koha issues (borrowed), all copies 1
Holdings
Withdrawn status Lost status Source of classification or shelving scheme Damaged status Not for loan Home library Current Library Shelving location Date acquired Total checkouts Full call number Barcode Date last seen Date last checked out Copy number Price effective from Koha item type
    Dewey Decimal Classification     GRACE BIBLE COLLEGE GRACE BIBLE COLLEGE General Studies 2018-02-19 1 328.1 KER 009465 2025-05-01 2023-08-01 c.1 2018-02-19 Books
© Grace Bible College Library 2025